000 00558nam a2200205Ia 4500
001 7060
003 GE_BSU
008 181216s||||||||xx |||||||||||||| ||und||
040 _cGE_BSU
080 _a514
100 _aАлександров, А.Д.
245 _aВнутренняя геометрия выпуклых поверхностей
260 _aМ-Л
260 _bГостехиздат
260 _c1948
300 _a386стр.27см.
653 _aВнутренняя геометрия
653 _aГеометрия
942 _cBK
999 _c40451
_d40451